| 000 | 00779cam a2200253 4500 | ||
|---|---|---|---|
| 001 | 834009 | ||
| 003 | GBCCL | ||
| 005 | 20241126110329.0 | ||
| 008 | 700415s1970 miu 000 0 eng | ||
| 010 | _a 77095045 | ||
| 040 |
_aDLC _cDLC _dDLC |
||
| 050 | 0 | 0 |
_aBV2063 _b.L43 1970 |
| 082 | 0 | 0 |
_a266.001 _bLIN |
| 100 | 1 |
_aLindsell, Harold, _d1913-1998. _9228 |
|
| 245 | 1 | 3 | _aAn evangelical theology of missions. |
| 250 | _a[Rev. ed.] | ||
| 260 |
_aGrand Rapids, Mich., _bZondervan Pub. House _c[1970] |
||
| 300 |
_a234 p. _c21 cm. |
||
| 490 | 0 | _aContemporary evangelical perspectives | |
| 500 | _a1949 ed. published under title: A Christian philosophy of missions. | ||
| 650 | 0 |
_aMissions _xTheory. _948 |
|
| 906 |
_a7 _bcbc _corignew _du _encip _f19 _gy-gencatlg |
||
| 942 |
_2ddc _cBK _07 |
||
| 999 |
_c95 _d95 |
||